Bramkarze Legii w XXI wieku. - Statystyki

Ogólne statystyki
  • Ten quiz został rozwiązany 706 razy
    47 od ostatniego zresetowania
  • Średni wynik to 9 z 20
Statystyki odpowiedzi
Lata gry Narodowość Zawodnik % Poprawnych
1999–2005 2020-2022 Polska Artur Boruc
93%
2021- Polska Kacper Tobiasz
91%
2015-2019 Polska Arkadiusz Malarz
82%
2011-2016 Słowacja Dusan Kuciak
78%
2005-2007 Polska Łukasz Fabiański
73%
2016-2021 Polska Radosław Cierzniak
69%
2025- Bośnia i Hercegowina Vladan Kovacevic
67%
2005-2010 Słowacja Jan Mucha
53%
2016-2020 Polska Radosław Majecki
51%
2019-2024 Polska Cezary Miszta
49%
2024- Polska Marcel Mendes- Dudziński
40%
2022-2024 Polska Dominik Hładun
33%
2022 Austria Richard Strebinger
18%
1997–2001 Polska Wojciech Kowalewski
18%
2007-2014 Polska Wojciech Skaba
18%
2012-2018 Polska Konrad Jałocha
16%
2002–2003 Bułgaria Radostin Stanev
16%
2010-2013 Chorwacja Marijan Antolovic
11%
2008-2011 Ukraina Kostyantyn Makhnovskyi
2%
2003 Serbia Zoran Mijanovic
2%
Nie znaleziono quizów pasujących do podanych kryteriów
Rozkład punktacji
Procent ludzi z każdym wynikiem
Percentyl według liczby udzielonych odpowiedzi
Twoja historia wyników
Nie rozwiązałeś tego quizu od ostatniego zresetowania